BFDIE Characters Quiz - Statistics

General Stats
  • This quiz has been taken 273 times
  • The average score is 11 of 13
Answer Stats
Category Character % Correct
Host Announcer
93%
Contestant Fern
93%
Contestant Sidewalky
91%
Contestant Beach Ball
90%
Contestant Sticker
90%
Contestant Money
89%
Contestant Hot Dog
88%
Contestant Toothpaste
88%
Contestant David
86%
Contestant Jammy
85%
Contestant Ruler
83%
Contestant Needy
82%
Contestant Rose
80%
No matching quizzes found
Score Distribution
Percent of People with Each Score
Percentile by Number Answered
Your Score History
You have not taken this quiz